000 00651nam a2200217Ia 4500
005 20241129105834.0
008 241129s9999||||xx |||||||||||||| ||und||
020 _a978-93-54353-27-7
037 _aTB
040 _aARTS
_beng
_cARTS
041 _aeng
_2eng
084 _aG:55.2 R2
_qARTS
100 _aSaravanan Velayutham Au.
245 0 _aEnvironmental history of modern India: land, population, technology and development
_cSaravanan Velayutham Au.
260 _aNew Delhi, India
_bNew Bloomsbury
_c2022
300 _axvi,261p.
365 _aINR
_b1299
650 _aBiology
942 _cTB
_hG:55.2 R2
999 _c1226218
_d1226218